000 00761nam a2200217Ii 4500
003 JO-AjNU
008 230605s9999||||xx |||||||||||||| ||und||
017 _a2004/5/1194
040 _aJO-AjNU
_bara
_erda
_cJO-AjNU
041 _aara
050 1 4 _aHQ1121 2004
100 3 _aتأليف: عرعار، ميساء محمد,
_eauthor
_917661
245 0 0 _aكيف تكونين ناجحة ومحبوبة في العمل
250 _aط1
264 3 1 _aعمان: الرواد للنشر والتوزيع، 2004
300 _a80ص
_bيحتوي ببلوغرافية من ص 78-80ص
336 _atext
_btxt
_2rdacontent
337 _aunmediated
_bn
_2rdamedia
338 _avolume
_bnc
_2rdacarrier
650 4 _aالمرأة - الحياة الاجتماعية
_917662
999 _aA5503
_c9071
_d9071